The Colombo resolution on children : (Record no. 4339)

MARC details
000 -LEADER
fixed length control field 00437nam a2200133 4500
008 - FIXED-LENGTH DATA ELEMENTS--GENERAL INFORMATION
fixed length control field 231211b |||||||| |||| 00| 0 eng d
082 ## - DEWEY DECIMAL CLASSIFICATION NUMBER
Classification number 305.23
Item number SOU
942 ## - ADDED ENTRY ELEMENTS (KOHA)
Item Type Reports
110 ## - MAIN ENTRY--CORPORATE NAME
Corporate Name SAARC Conference on Children
245 ## - TITLE STATEMENT
Title The Colombo resolution on children :
Sub Title the Report of the Second SAARC Conference on Children
260 ## - PUBLICATION, DISTRIBUTION, ETC. (IMPRINT)
Place of Publication Colombo:
Name of Publisher Government of Sri Lanka,
Date of Copyright 1992
300 ## - PHYSICAL DESCRIPTION
Extent 110 p. ; 22 x 24 cm
650 ## - SUBJECT ADDED ENTRY--TOPICAL TERM
Topical Term CHILDREN-South Asia
Holdings
Withdrawn status Lost status Source of classification or shelving scheme Damaged status Not for loan Permanent location Current location Date acquired Total Checkouts Full call number Barcode Date last seen Price effective from Koha item type
    Dewey Decimal Classification     Resource center, Muslim Women's Research And Action Forum Resource center, Muslim Women's Research And Action Forum 2023-12-11   305.23 SOU RAF4510 2023-12-11 2023-12-11 Reports

Copyright © 2023 Muslim Women's Research and Action Forum (MWRAF), No 27/3, Anderson Road, Kalubowila, Dehiwela. Funded by The Asia Fundation